[Event "Moscow Open 2016 B"]
[Site "?"]
[Date "2016.02.07"]
[Round "9.21"]
[White "Drozdova, Dina"]
[Black "Bodnaruk, Anastasia"]
[Result "0-1"]
[BlackElo "2453"]
[WhiteElo "2238"]
[LiveChessVersion "1.4.7"]

1. d4 {[%clk 1:30:51]} d6 {[%clk 1:30:52]} 2. e4 {[%clk 1:29:06]} Nf6
{[%clk 1:30:53]} 3. f3 {[%clk 1:29:14]} g6 {[%clk 1:30:52]} 4. Be3
{[%clk 1:28:01]} Bg7 {[%clk 1:29:06]} 5. Nc3 {[%clk 1:27:34]} O-O
{[%clk 1:24:29]} 6. Qd2 {[%clk 1:27:09]} c6 {[%clk 1:22:09]} 7. Nge2
{[%clk 1:26:40]} b5 {[%clk 1:18:25]} 8. g4 {[%clk 1:21:49]} e5 {[%clk 1:02:43]}
9. dxe5 {[%clk 1:11:25]} dxe5 {[%clk 1:02:42]} 10. Qxd8 {[%clk 1:06:48]} Rxd8
{[%clk 1:03:11]} 11. a4 {[%clk 1:06:35]} b4 {[%clk 0:56:05]} 12. Nb1
{[%clk 1:02:56]} Bf8 {[%clk 0:49:31]} 13. Nd2 {[%clk 1:02:47]} c5
{[%clk 0:44:44]} 14. Nc1 {[%clk 0:58:14]} Nc6 {[%clk 0:42:37]} 15. c3
{[%clk 0:50:13]} Be6 {[%clk 0:38:00]} 16. Ncb3 {[%clk 0:48:31]} Nd7
{[%clk 0:34:00]} 17. Bb5 {[%clk 0:42:04]} Rac8 {[%clk 0:33:57]} 18. Ke2
{[%clk 0:37:27]} bxc3 {[%clk 0:22:10]} 19. bxc3 {[%clk 0:36:08]} Rc7
{[%clk 0:20:08]} 20. Rhb1 {[%clk 0:25:48]} Rb8 {[%clk 0:19:55]} 21. Bc4
{[%clk 0:24:35]} Bxc4+ {[%clk 0:18:19]} 22. Nxc4 {[%clk 0:23:41]} Nd4+
{[%clk 0:16:01]} 23. cxd4 {[%clk 0:20:28]} cxd4 {[%clk 0:16:30]} 24. Nbd2
{[%clk 0:17:07]} dxe3 {[%clk 0:15:46]} 25. Nxe3 {[%clk 0:17:20]} Bh6
{[%clk 0:12:49]} 26. Rxb8+ {[%clk 0:11:55]} Nxb8 {[%clk 0:13:18]} 27. Rb1
{[%clk 0:12:15]} Nc6 {[%clk 0:11:24]} 28. Nd5 {[%clk 0:12:38]} Nd4+
{[%clk 0:04:18]} 29. Kd3 {[%clk 0:13:02]} Rc2 {[%clk 0:04:21]} 30. Nc4
{[%clk 0:13:28]} Rxh2 {[%clk 0:03:41]} 31. Nxe5 {[%clk 0:10:17]} Ne6
{[%clk 0:02:20]} 32. Rb8+ {[%clk 0:03:19]} Kg7 {[%clk 0:01:49]} 33. Re8
{[%clk 0:02:13]} Bg5 {[%clk 0:01:07]} 34. Ra8 {[%clk 0:02:15]} Nf4+
{[%clk 0:00:35]} 35. Nxf4 {[%clk 0:01:51]} Bxf4 {[%clk 0:01:03]} 36. Kd4
{[%clk 0:01:30]} Rd2+ {[%clk 0:00:36]} 37. Nd3 {[%clk 0:01:53]} Bc7
{[%clk 0:00:36]} 38. Kc3 {[%clk 0:01:44]} Ba5+ {[%clk 0:00:50]} 39. Kc4
{[%clk 0:02:05]} Bb6 {[%clk 0:00:47]} 40. a5 {[%clk 0:31:46]} Bg1
{[%clk 0:30:37]} 41. Rd8 {[%clk 0:24:10]} h5 {[%clk 0:19:17]} 42. gxh5
{[%clk 0:24:14]} gxh5 {[%clk 0:19:46]} 43. Rd5 {[%clk 0:23:43]} Kh6
{[%clk 0:20:08]} 44. Rf5 {[%clk 0:14:18]} h4 {[%clk 0:12:54]} 45. Nf4
{[%clk 0:14:32]} Bf2 {[%clk 0:12:03]} 46. Rxf7 {[%clk 0:13:55]} Be3
{[%clk 0:08:17]} 47. Rf5 {[%clk 0:10:58]} Kg7 {[%clk 0:06:24]} 48. Rg5+
{[%clk 0:06:17]} Kf7 {[%clk 0:06:50]} 49. Rf5+ {[%clk 0:06:12]} Kg7
{[%clk 0:05:23]} 50. Nd5 {[%clk 0:03:11]} Bf2 {[%clk 0:04:59]} 51. Nf4
{[%clk 0:02:14]} Be3 {[%clk 0:04:53]} 52. Nd5 {[%clk 0:01:17]} Bf2
{[%clk 0:05:16]} 53. Rh5 {[%clk 0:01:00]} Kf7 {[%clk 0:04:09]} 54. Kc3
{[%clk 0:00:53]} Ra2 {[%clk 0:03:56]} 55. Rf5+ {[%clk 0:01:08]} Kg7
{[%clk 0:02:25]} 56. Nf4 {[%clk 0:00:57]} Rxa5 {[%clk 0:02:15]} 57. e5
{[%clk 0:00:54]} Bg3 {[%clk 0:00:55]} 58. Nh5+ {[%clk 0:01:12]} Kg6
{[%clk 0:00:34]} 59. Nxg3 {[%clk 0:01:33]} hxg3 {[%clk 0:01:03]} 60. Rf6+
{[%clk 0:01:17]} Kh5 {[%clk 0:00:38]} 61. Rf5+ {[%clk 0:00:57]} Kh4
{[%clk 0:00:44]} 62. f4 {[%clk 0:00:59]} g2 {[%clk 0:00:40]} 63. Rf8
{[%clk 0:01:15]} Ra3+ {[%clk 0:00:38]} 64. Kc4 {[%clk 0:01:35]} Rg3
{[%clk 0:00:48]} 65. Rh8+ {[%clk 0:01:16]} Kg4 {[%clk 0:01:17]} 66. Rg8+
{[%clk 0:01:40]} Kxf4 {[%clk 0:01:15]} 0-1

[Event "Moscow Open 2016 B"]
[Site "?"]
[Date "2016.02.07"]
[Round "9.22"]
[White "Protopopova, Anastasiya"]
[Black "Kovanova, Baira"]
[Result "0-1"]
[BlackElo "2381"]
[WhiteElo "2181"]
[LiveChessVersion "1.4.7"]

1. Nf3 {[%clk 1:30:56]} Nf6 {[%clk 1:30:55]} 2. c4 {[%clk 1:31:15]} e6
{[%clk 1:31:15]} 3. Nc3 {[%clk 1:31:39]} d5 {[%clk 1:31:27]} 4. d4
{[%clk 1:31:50]} Be7 {[%clk 1:31:32]} 5. Bf4 {[%clk 1:31:12]} O-O
{[%clk 1:31:35]} 6. e3 {[%clk 1:31:28]} Nbd7 {[%clk 1:31:34]} 7. c5
{[%clk 1:31:01]} c6 {[%clk 1:31:30]} 8. Bd3 {[%clk 1:30:58]} b6 {[%clk 1:31:47]}
9. b4 {[%clk 1:31:20]} a5 {[%clk 1:32:04]} 10. a3 {[%clk 1:31:44]} Ba6
{[%clk 1:32:15]} 11. b5 {[%clk 1:30:42]} cxb5 {[%clk 1:22:15]} 12. c6
{[%clk 1:30:16]} Qc8 {[%clk 1:22:36]} 13. c7 {[%clk 1:29:08]} b4 {[%clk 1:04:43]}
14. Nb5 {[%clk 1:20:15]} Ne4 {[%clk 1:03:11]} 15. Qc2 {[%clk 1:13:46]} Ndf6
{[%clk 0:56:09]} 16. O-O {[%clk 1:05:03]} Nh5 {[%clk 0:51:33]} 17. Ne5
{[%clk 0:56:11]} Nxf4 {[%clk 0:49:03]} 18. exf4 {[%clk 0:54:13]} Bxb5
{[%clk 0:44:30]} 19. Bxb5 {[%clk 0:54:17]} Ra7 {[%clk 0:44:47]} 20. Rfc1
{[%clk 0:22:23]} Nc3 {[%clk 0:35:03]} 21. Bd3 {[%clk 0:18:47]} g6
{[%clk 0:31:50]} 22. Nc6 {[%clk 0:17:21]} Rxc7 {[%clk 0:31:13]} 23. Nxe7+
{[%clk 0:17:44]} Rxe7 {[%clk 0:31:41]} 24. axb4 {[%clk 0:18:02]} Rc7
{[%clk 0:29:58]} 25. Kh1 {[%clk 0:15:00]} Nb5 {[%clk 0:21:10]} 26. Qb2
{[%clk 0:13:25]} Nd6 {[%clk 0:21:00]} 27. bxa5 {[%clk 0:11:38]} bxa5
{[%clk 0:19:49]} 28. Rd1 {[%clk 0:07:41]} Nc4 {[%clk 0:16:55]} 29. Qa2
{[%clk 0:04:40]} a4 {[%clk 0:15:38]} 30. Qe2 {[%clk 0:01:12]} Qd7
{[%clk 0:14:39]} 31. Ra2 {[%clk 0:00:56]} Rb8 {[%clk 0:13:51]} 32. Rda1
{[%clk 0:00:59]} Rb4 {[%clk 0:13:43]} 33. g3 {[%clk 0:00:48]} Rcb7
{[%clk 0:11:02]} 34. Qc2 {[%clk 0:00:34]} Ra7 {[%clk 0:07:31]} 35. Rb1
{[%clk 0:00:36]} Qb5 {[%clk 0:05:09]} 36. Rba1 {[%clk 0:00:35]} Qa5
{[%clk 0:04:12]} 37. Qc1 {[%clk 0:00:36]} Qb6 {[%clk 0:03:49]} 38. Bc2
{[%clk 0:00:33]} a3 {[%clk 0:03:16]} 39. Bd3 {[%clk 0:00:48]} Qxd4
{[%clk 0:03:06]} 40. Bxc4 {[%clk 0:30:35]} Rxc4 {[%clk 0:32:47]} 41. Qb1
{[%clk 0:29:41]} Rb4 {[%clk 0:30:23]} 42. Qc2 {[%clk 0:29:02]} Rb2
{[%clk 0:29:27]} 43. Rxb2 {[%clk 0:26:46]} Qxb2 {[%clk 0:29:34]} 0-1

[Event "Moscow Open 2016 B"]
[Site "?"]
[Date "2016.02.07"]
[Round "9.23"]
[White "Mirzoeva, Elmira"]
[Black "Tsolakidou, Stavroula"]
[Result "0-1"]
[BlackElo "2338"]
[WhiteElo "2361"]
[LiveChessVersion "1.4.7"]

1. d4 {[%clk 1:30:57]} Nf6 {[%clk 1:30:54]} 2. c4 {[%clk 1:31:16]} e6
{[%clk 1:31:18]} 3. Nf3 {[%clk 1:31:28]} Bb4+ {[%clk 1:31:39]} 4. Nbd2
{[%clk 1:31:38]} b6 {[%clk 1:31:58]} 5. a3 {[%clk 1:31:36]} Bxd2+
{[%clk 1:32:16]} 6. Bxd2 {[%clk 1:31:58]} Bb7 {[%clk 1:31:17]} 7. Bg5
{[%clk 1:30:39]} h6 {[%clk 1:29:47]} 8. Bh4 {[%clk 1:30:51]} g5 {[%clk 1:28:23]}
9. Bg3 {[%clk 1:30:53]} Ne4 {[%clk 1:25:42]} 10. Nd2 {[%clk 1:30:07]} Nxg3
{[%clk 1:14:38]} 11. hxg3 {[%clk 1:30:20]} Qf6 {[%clk 1:12:54]} 12. e3
{[%clk 1:28:38]} d6 {[%clk 1:08:38]} 13. g4 {[%clk 1:24:07]} Nd7 {[%clk 1:05:29]}
14. Qc2 {[%clk 1:18:59]} O-O-O {[%clk 0:59:38]} 15. Ne4 {[%clk 1:17:20]} Qg6
{[%clk 0:50:27]} 16. Bd3 {[%clk 1:16:33]} f5 {[%clk 0:48:53]} 17. gxf5
{[%clk 1:12:23]} exf5 {[%clk 0:48:54]} 18. Ng3 {[%clk 1:00:27]} Bxg2
{[%clk 0:46:11]} 19. Nxf5 {[%clk 0:58:33]} Qf6 {[%clk 0:39:50]} 20. Rh2
{[%clk 0:53:09]} Bf3 {[%clk 0:38:53]} 21. Be4 {[%clk 0:52:02]} Bxe4
{[%clk 0:28:32]} 22. Qxe4 {[%clk 0:52:29]} Rde8 {[%clk 0:27:25]} 23. Qd3
{[%clk 0:49:22]} h5 {[%clk 0:23:01]} 24. O-O-O {[%clk 0:48:12]} h4
{[%clk 0:21:39]} 25. f3 {[%clk 0:38:02]} Rhf8 {[%clk 0:17:14]} 26. e4
{[%clk 0:37:30]} Kb8 {[%clk 0:17:25]} 27. b4 {[%clk 0:32:11]} c5 {[%clk 0:10:35]}
28. Qb3 {[%clk 0:18:00]} cxd4 {[%clk 0:09:07]} 29. Rhd2 {[%clk 0:17:51]} h3
{[%clk 0:06:01]} 30. Rxd4 {[%clk 0:10:04]} h2 {[%clk 0:04:21]} 31. Qa4
{[%clk 0:08:07]} Ne5 {[%clk 0:03:08]} 32. Rxd6 {[%clk 0:05:52]} Qf7
{[%clk 0:02:42]} 33. R6d4 {[%clk 0:05:51]} Rc8 {[%clk 0:01:13]} 34. Kb1
{[%clk 0:05:53]} Qh7 {[%clk 0:00:35]} 35. Rh1 {[%clk 0:02:18]} Qh3
{[%clk 0:00:37]} 36. Nd6 {[%clk 0:01:16]} Qg2 {[%clk 0:00:35]} 37. Rdd1
{[%clk 0:01:32]} Rc7 {[%clk 0:00:34]} 38. Ne8 {[%clk 0:01:29]} Rc8
{[%clk 0:00:05]} 39. Nd6 {[%clk 0:01:33]} Rc7 {[%clk 0:00:40]} 40. c5
{[%clk 0:30:35]} Nd3 {[%clk 0:30:36]} 41. Rxh2 {[%clk 0:23:17]} Qxh2
{[%clk 0:27:33]} 42. Rxd3 {[%clk 0:23:43]} Qe2 {[%clk 0:23:57]} 43. Rc3
{[%clk 0:17:38]} Rh8 {[%clk 0:13:36]} 44. Rc2 {[%clk 0:13:23]} Qxf3
{[%clk 0:10:14]} 45. Nb5 {[%clk 0:05:10]} Rh1+ {[%clk 0:07:56]} 46. Kb2
{[%clk 0:05:28]} Qf6+ {[%clk 0:07:09]} 47. Ka2 {[%clk 0:04:26]} Ra1+
{[%clk 0:04:28]} 48. Kb3 {[%clk 0:04:53]} Rb1+ {[%clk 0:04:33]} 49. Kc4
{[%clk 0:05:17]} Qf1+ {[%clk 0:03:54]} 50. Kc3 {[%clk 0:03:31]} Qf3+
{[%clk 0:03:52]} 51. Kc4 {[%clk 0:03:10]} Qxe4+ {[%clk 0:02:49]} 52. Kc3
{[%clk 0:03:37]} Rxc5+ {[%clk 0:02:58]} 0-1

[Event "Moscow Open 2016 B"]
[Site "?"]
[Date "2016.02.07"]
[Round "9.24"]
[White "Utiatskaja, Irina"]
[Black "Charochkina, Daria"]
[Result "*"]
[BlackElo "2396"]
[WhiteElo "2108"]
[LiveChessVersion "1.4.7"]

1. e4 {[%clk 1:30:57]} c5 {[%clk 1:30:50]} 2. Nf3 {[%clk 1:31:08]} Nc6
{[%clk 1:31:15]} 3. d4 {[%clk 1:31:33]} cxd4 {[%clk 1:31:41]} 4. Nxd4
{[%clk 1:31:59]} Qb6 {[%clk 1:32:08]} 5. Nb3 {[%clk 1:32:04]} Nf6
{[%clk 1:32:33]} 6. Nc3 e6 {[%clk 1:26:35]} 7. Qe2 {[%clk 1:31:37]} a6 8. g4 d6
{[%clk 1:23:39]} 9. Be3 {[%clk 1:29:13]} Qc7 {[%clk 1:23:30]} 10. O-O-O
{[%clk 1:29:05]} b5 11. g5 {[%clk 1:28:30]} Nd7 {[%clk 1:23:53]} 12. f4
{[%clk 1:26:28]} Bb7 {[%clk 1:22:37]} 13. h4 {[%clk 1:09:18]} Na5 14. Bd4 Nc6
{[%clk 0:55:01]} 15. Bf2 {[%clk 0:56:41]} b4 {[%clk 0:50:21]} 16. Na4
{[%clk 0:49:32]} Be7 17. Bh3 {[%clk 0:43:56]} a5 {[%clk 0:50:06]} 18. Qe3
{[%clk 0:38:08]} Ba6 {[%clk 0:46:58]} 19. Nb6 {[%clk 0:35:44]} Nxb6
{[%clk 0:47:23]} 20. Qxb6 Qxb6 {[%clk 0:33:10]} 21. Bxb6 {[%clk 0:36:26]} Be2 22.
Rd2 {[%clk 0:28:07]} Bf3 {[%clk 0:31:20]} 23. Re1 e5 24. fxe5 {[%clk 0:19:20]}
Nxe5 {[%clk 0:25:46]} 25. Nd4 {[%clk 0:16:47]} Bh5 {[%clk 0:25:49]} 26. Nf5
{[%clk 0:13:26]} Bf8 {[%clk 0:24:07]} 27. Bf1 {[%clk 0:10:12]} f6
{[%clk 0:24:16]} 28. Bb5+ {[%clk 0:09:51]} Kf7 {[%clk 0:24:43]} 29. Nxd6+
{[%clk 0:10:04]} Bxd6 {[%clk 0:25:09]} 30. Rxd6 {[%clk 0:10:27]} Rab8
{[%clk 0:21:46]} 31. gxf6 {[%clk 0:09:41]} gxf6 {[%clk 0:22:10]} 32. Rf1
{[%clk 0:09:08]} Bf3 {[%clk 0:22:12]} 33. Ba4 {[%clk 0:04:43]} Nc4
{[%clk 0:16:46]} 34. Bb3 {[%clk 0:03:18]} Ke7 {[%clk 0:16:57]} 35. Rxf6
{[%clk 0:02:57]} Kxf6 {[%clk 0:09:22]} 36. Bd4+ {[%clk 0:03:12]} Kg6
{[%clk 0:09:49]} 37. Bxh8 {[%clk 0:03:26]} Bxe4 {[%clk 0:09:41]} 38. Rg1+
{[%clk 0:01:54]} Kf5 {[%clk 0:09:06]} 39. Rg5+ {[%clk 0:01:54]} Kf4
{[%clk 0:09:32]} 40. Bxc4 {[%clk 0:31:20]} Rxh8 {[%clk 0:39:57]} 41. Rxa5
{[%clk 0:29:32]} Ke3 {[%clk 0:38:02]} 42. Rb5 {[%clk 0:22:51]} Rf8
{[%clk 0:36:40]} 43. Rxb4 {[%clk 0:21:21]} Rf2 {[%clk 0:36:56]} 44. Rb3+
{[%clk 0:21:19]} Kd4 {[%clk 0:36:06]} 45. Bd3 {[%clk 0:21:15]} Bd5
{[%clk 0:36:30]} 46. Ra3 {[%clk 0:20:33]} Rh2 {[%clk 0:36:32]} 47. Ra4+
{[%clk 0:20:40]} Ke3 {[%clk 0:36:58]} 48. b3 {[%clk 0:20:24]} h5 {[%clk 0:34:03]}
49. Rb4 {[%clk 0:19:32]} Bf3 {[%clk 0:34:28]} 50. a4 {[%clk 0:19:35]} Bg4
{[%clk 0:34:54]} 51. a5 {[%clk 0:19:40]} Rxh4 {[%clk 0:35:06]} 52. a6
{[%clk 0:19:42]} Rh1+ {[%clk 0:35:31]} 53. Kb2 {[%clk 0:20:10]} Bf3
{[%clk 0:35:58]} 54. Be4 {[%clk 0:18:34]} Rh4 {[%clk 0:35:38]} 55. Bxf3
{[%clk 0:18:23]} *

[Event "Moscow Open 2016 B"]
[Site "?"]
[Date "2016.02.07"]
[Round "9.25"]
[White "Bulmaga, Irina"]
[Black "Balajayeva, Khanim"]
[Result "0-1"]
[BlackElo "2151"]
[WhiteElo "2389"]
[LiveChessVersion "1.4.7"]

1. e4 {[%clk 1:30:56]} e5 {[%clk 1:30:54]} 2. Nf3 {[%clk 1:31:20]} Nc6
{[%clk 1:31:19]} 3. Bb5 {[%clk 1:31:41]} a6 {[%clk 1:31:43]} 4. Ba4
{[%clk 1:32:05]} Nf6 {[%clk 1:32:06]} 5. O-O {[%clk 1:32:27]} b5 {[%clk 1:32:30]}
6. Bb3 {[%clk 1:32:48]} Be7 {[%clk 1:32:17]} 7. Re1 {[%clk 1:32:58]} O-O
{[%clk 1:32:35]} 8. d3 {[%clk 1:32:43]} Re8 {[%clk 1:31:16]} 9. Nc3
{[%clk 1:32:12]} h6 {[%clk 1:29:39]} 10. a4 {[%clk 1:30:00]} b4 {[%clk 1:28:58]}
11. Nd5 {[%clk 1:30:16]} Bf8 {[%clk 1:28:49]} 12. c3 {[%clk 1:28:50]} Rb8
{[%clk 1:24:46]} 13. Bd2 {[%clk 1:26:07]} Na5 {[%clk 1:05:59]} 14. Bc2
{[%clk 1:15:02]} c5 {[%clk 1:00:39]} 15. Nxf6+ {[%clk 1:06:17]} Qxf6
{[%clk 1:00:57]} 16. cxb4 {[%clk 0:56:27]} cxb4 {[%clk 1:00:52]} 17. d4
{[%clk 0:56:03]} d6 {[%clk 0:55:37]} 18. d5 {[%clk 0:54:34]} g5 {[%clk 0:44:05]}
19. Re3 {[%clk 0:42:37]} Nc4 {[%clk 0:40:12]} 20. Rb3 {[%clk 0:42:48]} g4
{[%clk 0:37:03]} 21. Qf1 {[%clk 0:34:40]} Nb6 {[%clk 0:29:22]} 22. Ne1
{[%clk 0:34:03]} a5 {[%clk 0:29:46]} 23. Bd3 {[%clk 0:26:57]} h5 {[%clk 0:22:27]}
24. Bb5 {[%clk 0:25:23]} Re7 {[%clk 0:22:50]} 25. Be3 {[%clk 0:23:54]} Bh6
{[%clk 0:22:21]} 26. Rc1 {[%clk 0:22:24]} Bd7 {[%clk 0:21:00]} 27. Bxd7
{[%clk 0:21:17]} Rxd7 {[%clk 0:19:04]} 28. Qb5 {[%clk 0:20:38]} Ra7
{[%clk 0:14:57]} 29. Rc6 {[%clk 0:18:55]} Bxe3 {[%clk 0:13:47]} 30. Rxe3
{[%clk 0:19:09]} Qd8 {[%clk 0:11:47]} 31. h3 {[%clk 0:17:26]} Nd7
{[%clk 0:06:15]} 32. Qe2 {[%clk 0:17:28]} Nf6 {[%clk 0:06:27]} 33. hxg4
{[%clk 0:16:08]} hxg4 {[%clk 0:06:39]} 34. Rg3 {[%clk 0:14:41]} Rc7
{[%clk 0:05:13]} 35. Qd2 {[%clk 0:08:52]} Rxc6 {[%clk 0:04:11]} 36. dxc6
{[%clk 0:09:18]} Kf8 {[%clk 0:03:39]} 37. Nc2 {[%clk 0:04:21]} Ke7
{[%clk 0:02:16]} 38. Ne3 {[%clk 0:02:29]} Nxe4 {[%clk 0:02:24]} 39. Nd5+
{[%clk 0:02:28]} Ke6 {[%clk 0:02:33]} 40. Qd1 {[%clk 0:32:27]} Qh4
{[%clk 0:32:12]} 41. Ne3 {[%clk 0:14:48]} Nxg3 {[%clk 0:24:55]} 42. fxg3
{[%clk 0:14:54]} Qg5 {[%clk 0:24:49]} 43. Qb3+ {[%clk 0:13:45]} Kf6
{[%clk 0:19:41]} 44. Nd5+ {[%clk 0:13:29]} Kg7 {[%clk 0:19:47]} 45. Qc2
{[%clk 0:11:35]} b3 {[%clk 0:12:32]} 46. Qc4 {[%clk 0:10:07]} Qf5
{[%clk 0:12:14]} 47. Ne7 {[%clk 0:05:24]} Qb1+ {[%clk 0:11:21]} 48. Kf2
{[%clk 0:04:32]} Qc2+ {[%clk 0:11:28]} 49. Qe2 {[%clk 0:04:38]} Kf8
{[%clk 0:10:47]} 50. Nd5 {[%clk 0:04:49]} Qxc6 {[%clk 0:10:50]} 51. Ne3
{[%clk 0:03:45]} Qxa4 {[%clk 0:10:21]} 52. Nf5 {[%clk 0:01:52]} Qb4
{[%clk 0:08:17]} 53. Kg1 {[%clk 0:01:34]} f6 {[%clk 0:07:14]} 54. Kh2
{[%clk 0:01:31]} Rb7 {[%clk 0:07:04]} 55. Qa6 {[%clk 0:00:59]} Rh7+
{[%clk 0:07:00]} 56. Nh4 {[%clk 0:01:57]} Qb8 {[%clk 0:05:42]} 57. Qd3
{[%clk 0:02:14]} e4 {[%clk 0:04:51]} 58. Qd4 {[%clk 0:02:20]} Rxh4+
{[%clk 0:04:37]} 59. gxh4 {[%clk 0:02:42]} d5+ {[%clk 0:05:06]} 60. Kg1
{[%clk 0:02:37]} Qd6 {[%clk 0:05:11]} 61. Qe3 {[%clk 0:02:39]} Kg7
{[%clk 0:04:20]} 62. Qa7+ {[%clk 0:02:25]} Kh6 {[%clk 0:04:11]} 63. Qa8
{[%clk 0:02:42]} Qc5+ {[%clk 0:04:34]} 64. Kh1 {[%clk 0:02:44]} Qc1+
{[%clk 0:04:38]} 65. Kh2 {[%clk 0:03:11]} Qc7+ {[%clk 0:04:49]} 66. Kg1
{[%clk 0:03:05]} Qc1+ {[%clk 0:02:25]} 67. Kh2 {[%clk 0:03:29]} Qf4+
{[%clk 0:02:51]} 68. Kg1 {[%clk 0:03:45]} Qe3+ {[%clk 0:02:51]} 69. Kh2
{[%clk 0:04:01]} Qf4+ {[%clk 0:03:18]} 70. Kg1 {[%clk 0:04:28]} Qc1+
{[%clk 0:03:44]} 71. Kh2 {[%clk 0:04:53]} Qc7+ {[%clk 0:04:08]} 72. Kg1
{[%clk 0:05:13]} Kg7 {[%clk 0:04:10]} 73. Qxd5 {[%clk 0:04:24]} g3
{[%clk 0:04:37]} 74. Qd1 {[%clk 0:04:36]} Qf4 {[%clk 0:03:46]} 75. h5
{[%clk 0:04:42]} Kh6 {[%clk 0:04:03]} 76. Kh1 {[%clk 0:04:19]} Qh4+
{[%clk 0:04:21]} 77. Kg1 {[%clk 0:04:36]} Qh2+ {[%clk 0:04:47]} 0-1